[Event "32nd ECC Open 2016"]
[Site "Novi Sad SRB"]
[Date "2016.11.07"]
[Round "2.22"]
[Board "1"]
[White "Petrov, Nikita"]
[Black "Getz, Nicolai"]
[Result "1/2-1/2"]
[WhiteTitle "IM"]
[BlackTitle "IM"]
[WhiteElo "2509"]
[BlackElo "2434"]
[WhiteTeam "Club d'Echecs de Geneve"]
[BlackTeam "Oslo Schakselskap"]
[WhiteFideId "4101286"]
[BlackFideId "1505572"]
[EventDate "2016.11.06"]

1. Nf3 Nf6 2. c4 e6 3. Nc3 d5 4. d4 Bb4 5. cxd5 exd5 6. Bg5 h6 7. Bh4 c5 8. dxc5
Nc6 9. e3 g5 10. Bg3 Ne4 11. Nd2 Nxg3 12. hxg3 d4 13. exd4 Qxd4 14. Bb5 Bg4 15.
Be2 Bxe2 16. Qxe2+ Kf8 17. O-O Re8 18. Qd1 Bxc3 19. bxc3 Qxc5 20. Rb1 b6 21. Nb3
Qc4 22. Nd4 Nxd4 23. cxd4 Rd8 24. Rc1 Qxd4 25. Qxd4 Rxd4 26. Rc7 a5 27. Rb1 Kg7
28. Rxb6 Rd1+ 29. Kh2 Rd2 30. f3 Rxa2 31. Rbb7 Rf8 32. Ra7 h5 33. Rc5 Kg6 34.
Raxa5 Rxa5 35. Rxa5 Re8 36. Ra6+ Re6 37. Ra4 Re2 38. Rb4 Ra2 39. Rc4 Rb2 40. Ra4
Rc2 1/2-1/2

[Event "32nd ECC Open 2016"]
[Site "Novi Sad SRB"]
[Date "2016.11.07"]
[Round "2.22"]
[Board "2"]
[White "Hauge, Lars Oskar"]
[Black "Vuilleumier, Alexandre"]
[Result "1-0"]
[WhiteTitle "IM"]
[BlackTitle "IM"]
[WhiteElo "2415"]
[BlackElo "2350"]
[WhiteTeam "Oslo Schakselskap"]
[BlackTeam "Club d'Echecs de Geneve"]
[WhiteFideId "1509276"]
[BlackFideId "1305662"]
[EventDate "2016.11.06"]

1. e4 e5 2. Nf3 Nc6 3. Bc4 Bc5 4. b4 Bxb4 5. c3 Be7 6. d4 Na5 7. Nxe5 Nxc4 8.
Nxc4 d5 9. exd5 Qxd5 10. Ne3 Qd8 11. O-O Nf6 12. Qf3 O-O 13. Bb2 c5 14. d5 Ne8
15. Nd2 Nd6 16. c4 f5 17. Rfe1 Bf6 18. Nd1 b6 19. Qb3 f4 20. Nf3 Bg4 21. Ne5
Bxe5 22. Rxe5 Qh4 23. f3 Rae8 24. Qc3 Bf5 25. Rxe8 Nxe8 26. Nf2 Qf6 27. Qd2 Qh6
28. Be5 Bd7 29. Nd3 g5 30. Bb2 Nd6 31. Ne5 Bf5 32. Re1 Re8 33. Re2 Qf8 34. Qc3
Qg7 35. Qe1 Qf8 36. h4 h6 37. hxg5 hxg5 38. g4 fxg3 39. Qxg3 1-0

[Event "32nd ECC Open 2016"]
[Site "Novi Sad SRB"]
[Date "2016.11.07"]
[Round "2.22"]
[Board "3"]
[White "Fioramonti, Hung"]
[Black "Mihajlov, Sebastian"]
[Result "0-1"]
[WhiteTitle "IM"]
[BlackTitle "FM"]
[WhiteElo "2325"]
[BlackElo "2359"]
[WhiteTeam "Club d'Echecs de Geneve"]
[BlackTeam "Oslo Schakselskap"]
[WhiteFideId "1300202"]
[BlackFideId "1512110"]
[EventDate "2016.11.06"]

1. Nf3 Nf6 2. c4 c6 3. g3 g6 4. b3 Bg7 5. Bb2 O-O 6. Bg2 d6 7. d4 Bf5 8. O-O Qc8
9. Re1 Bh3 10. Bh1 h6 11. Nc3 Nbd7 12. d5 cxd5 13. cxd5 Ne4 14. Rc1 Nxc3 15. Qd2
Ne4 16. Qe3 Nec5 17. Bxg7 Kxg7 18. b4 Qd8 19. bxc5 Nxc5 20. Rc4 Bd7 21. h4 b5
22. Rc2 Qb6 23. h5 Rae8 24. Ne5 Bf5 25. Rcc1 e6 26. Nc6 exd5 27. Qd4+ Kh7 28.
Bxd5 Nd7 29. Qf4 Nf6 30. Bf3 Ne4 31. Bxe4 Bxe4 32. Nb4 a5 33. Nc2 d5 34. Ne3 g5
35. Qc7 Qe6 36. Rc6 Qh3 37. f3 Rc8 38. Qe5 Rxc6 39. fxe4 Re6 40. Qc7 Rxe4 41.
Rf1 Qe6 42. Nf5 Rxe2 43. Qc3 d4 44. Qxd4 f6 45. Qc3 Rf7 0-1

[Event "32nd ECC Open 2016"]
[Site "Novi Sad SRB"]
[Date "2016.11.07"]
[Round "2.22"]
[Board "4"]
[White "Kovachev, Daniel Jakobsen"]
[Black "Gerber, Richard"]
[Result "1-0"]
[WhiteTitle "FM"]
[BlackTitle "IM"]
[WhiteElo "2309"]
[BlackElo "2326"]
[WhiteTeam "Oslo Schakselskap"]
[BlackTeam "Club d'Echecs de Geneve"]
[WhiteFideId "1503448"]
[BlackFideId "1300652"]
[EventDate "2016.11.06"]

1. e4 c5 2. Nf3 d6 3. Bb5+ Bd7 4. Bxd7+ Nxd7 5. O-O Ngf6 6. Qe2 Rc8 7. b3 g6 8.
Bb2 Bg7 9. c4 O-O 10. d4 cxd4 11. Nxd4 Qb6 12. Rd1 a6 13. Nc3 e6 14. Nf3 Rfd8
15. e5 Nxe5 16. Nxe5 dxe5 17. Na4 Qc6 18. Bxe5 b5 19. cxb5 axb5 20. Nc3 b4 21.
Nb5 Qa6 22. Nd4 Qa8 23. Nb5 Rd5 24. Rxd5 Nxd5 25. Bxg7 Nf4 26. Qf1 Kxg7 27. g3
Nd5 28. Qe2 Qa6 29. Nd4 Qd6 30. Nb5 Qc5 31. Qe5+ Kg8 32. Nd6 Qc3 33. Qxc3 Rxc3
34. Nc4 f6 35. Kf1 Kf7 36. Re1 e5 37. Re2 g5 38. Rb2 Rc1+ 39. Kg2 Ra1 40. Rc2
Ke6 41. Na5 Nc3 42. Nc6 Nxa2 43. g4 Kd6 44. h4 gxh4 45. Kh3 Rb1 46. Kxh4 Rxb3
47. Na5 Rd3 48. Rxa2 Kc5 49. g5 fxg5+ 50. Kxg5 Kb5 51. Nb7 b3 52. Ra5+ Kb6 53.
Nc5 Rg3+ 54. fxg3 Kxa5 55. Nxb3+ Kb4 56. Nd2 Kc3 57. Ne4+ Kd4 58. Nf6 Ke3 59.
Nxh7 Kf3 60. g4 1-0

[Event "32nd ECC Open 2016"]
[Site "Novi Sad SRB"]
[Date "2016.11.07"]
[Round "2.22"]
[Board "5"]
[White "Landenbergue, Claude"]
[Black "Persson, Mats"]
[Result "1-0"]
[WhiteTitle "IM"]
[BlackTitle "FM"]
[WhiteElo "2334"]
[BlackElo "2314"]
[WhiteTeam "Club d'Echecs de Geneve"]
[BlackTeam "Oslo Schakselskap"]
[WhiteFideId "1300130"]
[BlackFideId "1708333"]
[EventDate "2016.11.06"]

1. c4 e5 2. Nc3 Nc6 3. Nf3 g6 4. e3 f5 5. d4 e4 6. Nd2 Nf6 7. Be2 Bg7 8. Rb1 Ne7
9. b4 d5 10. b5 Be6 11. Ba3 dxc4 12. Bxc4 Bxc4 13. Nxc4 Ned5 14. Nxd5 Nxd5 15.
Qb3 Bf8 16. Bxf8 Rxf8 17. Ne5 Rf6 18. Rc1 a6 19. Rc5 Rd6 20. O-O axb5 21. Rxb5
b6 22. Rc1 Kf8 23. Rc6 Ra5 24. Rxa5 bxa5 25. g3 Qa8 26. Rc5 a4 27. Qc4 Qb7 28.
Qxa4 Qb1+ 29. Kg2 f4 30. gxf4 Kg7 31. Qb3 1-0

[Event "32nd ECC Open 2016"]
[Site "Novi Sad SRB"]
[Date "2016.11.07"]
[Round "2.22"]
[Board "6"]
[White "Stubberud, Ornulf"]
[Black "Kovacevic, Vladimir"]
[Result "1/2-1/2"]
[WhiteTitle "FM"]
[WhiteElo "2281"]
[BlackElo "2160"]
[WhiteTeam "Oslo Schakselskap"]
[BlackTeam "Club d'Echecs de Geneve"]
[WhiteFideId "1503758"]
[BlackFideId "906662"]
[EventDate "2016.11.06"]

1. e4 e6 2. d4 d5 3. Nd2 c5 4. exd5 Qxd5 5. Ngf3 cxd4 6. Bc4 Qd6 7. O-O Nf6 8.
Nb3 Nc6 9. Nbxd4 Nxd4 10. Nxd4 Bd7 11. c3 Be7 12. Qf3 Qc7 13. Bb3 O-O 14. Bg5
Rfe8 15. h3 Rac8 16. Rfe1 Bd8 17. Rad1 Nd5 18. Bxd8 Rcxd8 19. Bxd5 exd5 20. Qxd5
g6 21. Qg5 Ba4 22. Rc1 Qb6 23. Qd2 a6 24. b3 Bd7 25. Rxe8+ Rxe8 26. Re1 Rxe1+
27. Qxe1 Qd6 28. Qd2 f6 29. Nf3 Qc6 30. Qe3 Qd6 31. Qd4 Qe6 32. Qd2 Bc6 33. Nd4
Qd5 34. f3 Bd7 35. Qe3 Qd6 36. f4 Kf7 37. Qe4 b5 38. Kf2 Qc5 39. Qe3 a5 40. Nf3
Qa3 41. Qd2 Ke7 42. g4 Qc5+ 43. Qe3+ Kd6 44. Qxc5+ Kxc5 45. Ke3 h6 46. Nd4 Kd5
47. Kd3 g5 48. fxg5 hxg5 49. c4+ bxc4+ 50. bxc4+ Ke5 51. Ke3 Kd6 52. a3 a4 53.
Kd3 Ke5 54. Ke3 Kd6 55. Ke4 Kc5 56. Kd3 Kd6 57. Ke4 Kc5 58. Kd3 Kd6 59. Ke4 Kc5 1/2-1/2

[Event "32nd ECC Open 2016"]
[Site "Novi Sad SRB"]
[Date "2016.11.07"]
[Round "2.23"]
[Board "1"]
[White "Korsunsky, Yuri"]
[Black "Aabling-Thomsen, Jakob"]
[Result "0-1"]
[WhiteTitle "IM"]
[BlackTitle "FM"]
[WhiteElo "2411"]
[BlackElo "2382"]
[WhiteTeam "Perfect"]
[BlackTeam "Bronshoj Skakforening"]
[WhiteFideId "14102722"]
[BlackFideId "1407589"]
[EventDate "2016.11.06"]

1. e4 g6 2. d4 Bg7 3. Nc3 d6 4. f4 Nf6 5. Nf3 O-O 6. Bd3 Nc6 7. d5 Nb4 8. Be3 c5
9. Be2 e6 10. a3 exd5 11. axb4 dxe4 12. Ng5 cxb4 13. Nb5 h6 14. Nh3 Bxh3 15.
gxh3 a6 16. Nxd6 Qc7 17. Nc4 Rfd8 18. Qc1 Nd5 19. h4 h5 20. Rg1 Nxe3 21. Nxe3
Qxf4 22. Bc4 Rd6 23. Rg3 Qxh4 24. Ke2 Rad8 25. Nf1 e3 26. Nxe3 Re8 27. Bd3 Qxh2+
28. Kf3 Rf6+ 29. Nf5 Rxf5+ 30. Bxf5 Qe2+ 31. Kf4 Bh6+ 0-1

[Event "32nd ECC Open 2016"]
[Site "Novi Sad SRB"]
[Date "2016.11.07"]
[Round "2.23"]
[Board "2"]
[White "Carstensen, Jacob"]
[Black "Slavin, Gennadie"]
[Result "1-0"]
[WhiteTitle "IM"]
[WhiteElo "2383"]
[BlackElo "2300"]
[WhiteTeam "Bronshoj Skakforening"]
[BlackTeam "Perfect"]
[WhiteFideId "1404180"]
[BlackFideId "4104870"]
[EventDate "2016.11.06"]

1. d4 Nf6 2. c4 d6 3. Nc3 e5 4. Nf3 Nbd7 5. e4 g6 6. Be2 Bg7 7. O-O O-O 8. Be3
c6 9. Qc2 a6 10. Rfd1 Qc7 11. h3 b5 12. dxe5 dxe5 13. c5 a5 14. a3 a4 15. Rac1
Re8 16. Nd5 Qb8 17. Nb4 Qc7 18. Nd5 Qb8 19. Nb6 Ra7 20. Ne1 Nf8 21. Nd3 Ne6 22.
Nb4 Rc7 23. Nxc6 Rxc6 24. Bxb5 Bb7 25. Qxa4 Rc7 26. Bxe8 Qxe8 27. Qxe8+ Nxe8 28.
Nd5 Nd4 29. Nxc7 Nxc7 30. Rc4 Kf8 31. Bxd4 exd4 32. c6 Ba6 33. Rcxd4 Ne6 34. Rb4
Nc7 35. a4 Ke7 36. Rbd4 Bc8 37. b4 1-0

[Event "32nd ECC Open 2016"]
[Site "Novi Sad SRB"]
[Date "2016.11.07"]
[Round "2.23"]
[Board "3"]
[White "Kurochkin, Victor"]
[Black "Pilgaard, Kim"]
[Result "1-0"]
[BlackTitle "IM"]
[WhiteElo "2410"]
[BlackElo "2384"]
[WhiteTeam "Perfect"]
[BlackTeam "Bronshoj Skakforening"]
[WhiteFideId "4105168"]
[BlackFideId "1400657"]
[EventDate "2016.11.06"]

1. e4 e5 2. Nf3 Nc6 3. Bb5 Nd4 4. Nxd4 exd4 5. O-O Bc5 6. d3 c6 7. Bc4 d5 8.
exd5 cxd5 9. Re1+ Ne7 10. Bb5+ Bd7 11. Bxd7+ Qxd7 12. Nd2 O-O 13. Nb3 Bb6 14.
Bd2 Nc6 15. Qf3 Rfe8 16. Rxe8+ Rxe8 17. Re1 Rxe1+ 18. Bxe1 Qe6 19. Bd2 h6 20.
Kf1 Ne5 21. Qe2 Nc6 22. Qh5 Qd6 23. a3 Nd8 24. Ke1 Nc6 25. Kd1 Qe6 26. h3 Qf6
27. Be1 Ne7 28. Qe2 Qe6 29. Ba5 Bxa5 30. Nxa5 b6 31. Nb3 Qxe2+ 32. Kxe2 Nc6 33.
Nd2 f5 34. f4 Kf7 35. Nf3 Kf6 36. h4 h5 37. b4 a6 38. Kd2 Ke6 39. Kc1 Kd6 40.
Kb2 b5 41. Kb3 g6 42. c3 Ke6 43. c4 dxc4+ 44. dxc4 Kd6 45. a4 bxa4+ 46. Kxa4 d3
47. Kb3 d2 48. Nxd2 Nd4+ 49. Ka4 Ne2 50. Ka5 Nxf4 51. Kxa6 Nxg2 52. b5 Ne1 53.
b6 Nd3 54. b7 Nb4+ 55. Kb6 Nc6 56. c5+ Kd5 57. Nb1 1-0

[Event "32nd ECC Open 2016"]
[Site "Novi Sad SRB"]
[Date "2016.11.07"]
[Round "2.23"]
[Board "4"]
[White "Petersen, Steen1"]
[Black "Alekseev, Andrey"]
[Result "0-1"]
[BlackTitle "IM"]
[WhiteElo "2145"]
[BlackElo "2337"]
[WhiteTeam "Bronshoj Skakforening"]
[BlackTeam "Perfect"]
[WhiteFideId "1402706"]
[BlackFideId "4106873"]
[EventDate "2016.11.06"]

1. e4 d6 2. d4 Nf6 3. Nc3 Nbd7 4. g4 h6 5. h4 e5 6. d5 c6 7. Qf3 cxd5 8. exd5 g6
9. g5 Nh5 10. Bd2 Be7 11. gxh6 Bxh4 12. Nb5 Be7 13. Bd3 Nc5 14. Bxg6 fxg6 15.
Rxh5 a6 16. b4 axb5 17. bxc5 gxh5 18. Qxh5+ Kd7 19. cxd6 Bxd6 20. Nf3 Qf6 21.
Be3 Kc7 22. Ng5 Rxh6 23. Ne6+ Bxe6 24. Qxh6 Qxh6 25. Bxh6 Bxd5 0-1

[Event "32nd ECC Open 2016"]
[Site "Novi Sad SRB"]
[Date "2016.11.07"]
[Round "2.23"]
[Board "6"]
[White "Yssing, Klaus"]
[Black "Pleshkov, Mikhail"]
[Result "0-1"]
[WhiteElo "2008"]
[BlackElo "1888"]
[WhiteTeam "Bronshoj Skakforening"]
[BlackTeam "Perfect"]
[WhiteFideId "1407279"]
[BlackFideId "34106917"]
[EventDate "2016.11.06"]

1. e4 c5 2. Nf3 Nc6 3. d4 cxd4 4. Nxd4 Qb6 5. Nb3 Nf6 6. Nc3 e6 7. Bd3 a6 8. O-O
Qc7 9. f4 d6 10. Qf3 Be7 11. Be3 b5 12. Rae1 Bb7 13. g4 g5 14. f5 Ne5 15. Qg3
Nexg4 16. fxe6 fxe6 17. Nd4 Qd7 18. Bd2 O-O-O 19. a4 b4 20. Na2 a5 21. c3 e5 22.
Nf5 d5 23. Bb5 Bc5+ 24. Kg2 Qe6 25. Be3 Nxe3+ 26. Nxe3 Nxe4 27. Qg4 Qxg4+ 28.
Nxg4 bxc3 29. Nxc3 Nd2 30. Rf7 d4+ 31. Rxb7 Kxb7 32. Ne4 Nxe4 33. Rxe4 d3 34.
Rxe5 d2 35. Be2 0-1

[Event "32nd ECC Open 2016"]
[Site "Novi Sad SRB"]
[Date "2016.11.07"]
[Round "2.24"]
[Board "1"]
[White "Kristensen, Kaare Hove"]
[Black "Houriez, Clement"]
[Result "1/2-1/2"]
[WhiteTitle "FM"]
[BlackTitle "FM"]
[WhiteElo "2374"]
[BlackElo "2335"]
[WhiteTeam "Skakklubben Nordkalotten"]
[BlackTeam "Cercle d'Echecs Fontainois"]
[WhiteFideId "1400940"]
[BlackFideId "649708"]
[EventDate "2016.11.06"]

1. e4 c5 2. Nf3 d6 3. d4 Nf6 4. Nc3 cxd4 5. Nxd4 a6 6. Bg5 e6 7. f4 h6 8. Bh4
Be7 9. Qf3 Nbd7 10. O-O-O Qc7 11. Bd3 g5 12. fxg5 Ne5 13. Qe2 Nfg4 14. Nf3 hxg5
15. Bg3 Bd7 16. h3 Nf6 17. Bxe5 dxe5 18. Nxg5 Nh5 19. Qg4 Qb6 20. h4 f6 21. Bc4
fxg5 22. hxg5 Qe3+ 23. Kb1 Qxg5 24. Qxg5 Bxg5 25. Be2 Ke7 26. Rxh5 Rxh5 27. Bxh5
Rh8 28. Bf3 Bc6 29. b3 Be3 30. Ne2 Rh4 31. Nc1 Bd4 32. Rd3 Rh2 33. c3 Bb5 34. c4
Bc6 35. Kc2 Rh4 36. Ne2 Bxe4 37. Bxe4 Rxe4 38. Nxd4 exd4 39. Rg3 e5 40. Kd3 Re1
41. b4 Ke6 42. a4 Rb1 43. Ke4 Rxb4 44. Rg6+ Kf7 45. Rd6 Rxa4 46. Kxe5 Rxc4 47.
Rd7+ Kg6 1/2-1/2

[Event "32nd ECC Open 2016"]
[Site "Novi Sad SRB"]
[Date "2016.11.07"]
[Round "2.24"]
[Board "2"]
[White "Wantiez, Fabrice"]
[Black "Sylvan, Jacob"]
[Result "1/2-1/2"]
[WhiteTitle "FM"]
[BlackTitle "FM"]
[WhiteElo "2315"]
[BlackElo "2376"]
[WhiteTeam "Cercle d'Echecs Fontainois"]
[BlackTeam "Skakklubben Nordkalotten"]
[WhiteFideId "202274"]
[BlackFideId "1402137"]
[EventDate "2016.11.06"]

1. e4 c5 2. Nf3 e6 3. d4 cxd4 4. Nxd4 Nc6 5. Nc3 Qc7 6. g3 a6 7. Bg2 d6 8. O-O
Bd7 9. Nb3 Nf6 10. a4 Be7 11. a5 O-O 12. f4 b5 13. axb6 Qxb6+ 14. Kh1 Rab8 15.
e5 dxe5 16. fxe5 Nxe5 17. Bf4 Bd6 18. Bxe5 Bxe5 19. Rxf6 Bxf6 20. Qxd7 Qf2 21.
Qd3 Rxb3 22. cxb3 Qxb2 23. Ra2 Qxc3 24. Qxc3 Bxc3 25. Rxa6 Rb8 26. Ra8 Rxa8 27.
Bxa8 f5 28. Kg2 Kf7 29. Kf3 Kf6 30. g4 Kg5 31. gxf5 exf5 32. Bd5 Bb4 33. Bg8 h5
34. Be6 Kf6 35. Bd7 g5 36. h3 Bd6 37. Be8 g4+ 38. Kg2 Kg5 39. Bb5 Kf4 40. Be8
Kg5 41. Bb5 Kh4 42. Bd3 gxh3+ 43. Kh1 f4 44. Be4 Kg3 45. b4 Bxb4 46. Bd5 Bc5 47.
Bc6 Bf8 1/2-1/2

[Event "32nd ECC Open 2016"]
[Site "Novi Sad SRB"]
[Date "2016.11.07"]
[Round "2.24"]
[Board "3"]
[White "Hove, Esben Kjems"]
[Black "Fontaine, Quentin"]
[Result "1-0"]
[WhiteTitle "FM"]
[WhiteElo "2279"]
[BlackElo "2270"]
[WhiteTeam "Skakklubben Nordkalotten"]
[BlackTeam "Cercle d'Echecs Fontainois"]
[WhiteFideId "1401505"]
[BlackFideId "230804"]
[EventDate "2016.11.06"]

1. d4 g6 2. Bf4 Bg7 3. e3 Nf6 4. Nf3 O-O 5. h3 d6 6. Be2 c5 7. c3 Nbd7 8. O-O b6
9. Nbd2 Bb7 10. Bh2 cxd4 11. exd4 Bh6 12. a4 a5 13. Bb5 Nd5 14. Nc4 N7f6 15.
Ncd2 Bf4 16. Re1 Rc8 17. Qe2 Rc7 18. Rad1 Qc8 19. Qf1 Qf5 20. Bd3 Bxh2+ 21. Kxh2
Qh5 22. Ne4 Nf4 23. Nxf6+ exf6 24. Be4 d5 25. Bd3 Bc8 26. Ng1 Qg5 27. g3 Ne6 28.
f4 Qh6 29. Qf3 Rd8 30. f5 Ng5 31. Qf4 Rc6 32. h4 Kg7 33. fxg6 hxg6 34. Re7 Be6
35. Rf1 Nh7 36. Qxh6+ Kxh6 37. Ne2 Kg7 38. Nf4 Nf8 39. h5 f5 40. hxg6 Kf6 41. g7
Ng6 42. Nxe6 fxe6 43. Rd7 Rg8 44. g4 Ne7 45. gxf5 exf5 46. Bxf5 Nxf5 47. Rxd5
Rxg7 48. Rfxf5+ Ke7 49. Rg5 Rh6+ 50. Kg2 Rgh7 51. Rge5+ Kf6 52. Rd6+ Kf7 53.
Rd7+ Kf6 54. Rxh7 Rxh7 55. Rb5 Rb7 56. c4 Ke6 57. Kf3 Kd6 58. Rxb6+ 1-0

[Event "32nd ECC Open 2016"]
[Site "Novi Sad SRB"]
[Date "2016.11.07"]
[Round "2.24"]
[Board "4"]
[White "Herman, Jean"]
[Black "Nielsen, Lars Aaes"]
[Result "1-0"]
[BlackTitle "FM"]
[WhiteElo "2237"]
[BlackElo "2241"]
[WhiteTeam "Cercle d'Echecs Fontainois"]
[BlackTeam "Skakklubben Nordkalotten"]
[WhiteFideId "263036"]
[BlackFideId "1401726"]
[EventDate "2016.11.06"]

1. d4 e6 2. c4 b6 3. e4 Bb7 4. Bd3 Qh4 5. Qe2 Nc6 6. Nf3 Qg4 7. a3 f5 8. Nc3
Qxg2 9. Rg1 Qh3 10. Bg5 h6 11. Bd2 O-O-O 12. O-O-O g5 13. exf5 g4 14. Ne5 Nxd4
15. Qxg4 Qxg4 16. Rxg4 Nxf5 17. Nf7 Bf3 18. Rgg1 Bxd1 19. Nxh8 Bg7 20. Nf7 Rf8
21. Bxf5 Rxf7 22. Bg6 Rf8 23. Nxd1 Ne7 24. Be4 Rf7 25. Kc2 d5 26. cxd5 exd5 27.
Bg6 Rf6 28. Bd3 Rc6+ 29. Kb1 Bd4 30. Bc3 Bxc3 31. Nxc3 d4 32. Ne4 Re6 33. Rg7 c5
34. Ng3 Kd8 35. Kc2 Rf6 36. Ne4 Rf4 37. b3 a5 38. a4 h5 39. Rg3 Nf5 40. Rg5 h4
41. Kd2 Ne7 42. Ke2 Nc6 43. f3 Nb4 44. Bc4 Kc7 45. Rg4 d3+ 46. Ke3 Rf8 47. Rxh4
Nc2+ 48. Kxd3 Ne1+ 49. Ke2 Nxf3 50. Rh7+ Kc6 51. Rh6+ Kc7 52. Nd2 Nd4+ 53. Kd3
Rf2 54. Bd5 Rf4 55. Rh7+ Kd6 56. Be4 b5 57. axb5 Nxb5 58. Nc4+ Ke6 59. Rh6+ Ke7
60. Ne5 Nd6 61. Nc6+ Kd7 62. Bd5 Rf2 63. Ne5+ Ke7 64. Re6+ 1-0

[Event "32nd ECC Open 2016"]
[Site "Novi Sad SRB"]
[Date "2016.11.07"]
[Round "2.24"]
[Board "5"]
[White "Ejsing, Esben"]
[Black "Mastalerz, Xavier"]
[Result "0-1"]
[WhiteElo "2205"]
[BlackElo "2231"]
[WhiteTeam "Skakklubben Nordkalotten"]
[BlackTeam "Cercle d'Echecs Fontainois"]
[WhiteFideId "1418572"]
[BlackFideId "208310"]
[EventDate "2016.11.06"]

1. d4 e6 2. Nf3 Nf6 3. g3 b6 4. Bg2 Bb7 5. O-O Be7 6. c4 O-O 7. a3 d6 8. Nc3 Ne4
9. Qc2 Nxc3 10. Qxc3 c5 11. Rd1 cxd4 12. Qxd4 Nc6 13. Qd3 Qc7 14. Bf4 Rfd8 15.
Ng5 Bxg5 16. Bxg5 f6 17. Bf4 Ne5 18. Bxe5 dxe5 19. Qc3 Bxg2 20. Kxg2 Qc6+ 21.
Kg1 Qe4 22. Rxd8+ Rxd8 23. Re1 h5 24. f3 Qc6 25. Kf2 Rd4 26. Rc1 h4 27. b4 Kf7
28. c5 b5 29. Rc2 hxg3+ 30. hxg3 Rc4 31. Qd3 Rd4 32. Qe3 Rd5 33. a4 a6 34. axb5
axb5 35. Ra2 Rd4 36. Qc3 Rc4 37. Ra7+ Kg6 38. Qd3+ e4 39. Qd8 Qd5 40. Qe8+ Kh7
41. Qf7 Qd4+ 42. Kg2 exf3+ 43. Kxf3 Rc3+ 44. Kg2 Qe4+ 45. Kf1 Qh1+ 46. Kf2 Qh2+
47. Ke1 Qg1+ 48. Kd2 Qe3+ 0-1

[Event "32nd ECC Open 2016"]
[Site "Novi Sad SRB"]
[Date "2016.11.07"]
[Round "2.24"]
[Board "6"]
[White "Pierard, Florian"]
[Black "Jakobsen, Peter"]
[Result "1/2-1/2"]
[BlackTitle "FM"]
[WhiteElo "2101"]
[BlackElo "2201"]
[WhiteTeam "Cercle d'Echecs Fontainois"]
[BlackTeam "Skakklubben Nordkalotten"]
[WhiteFideId "263532"]
[BlackFideId "1401440"]
[EventDate "2016.11.06"]

1. e4 c5 2. Nc3 Nc6 3. g3 g6 4. Bg2 Bg7 5. d3 d6 6. f4 e6 7. Nf3 Nge7 8. Be3 Nd4
9. O-O O-O 10. e5 dxe5 11. fxe5 Nef5 12. Bf2 Rb8 13. Ne4 b6 14. Nf6+ Bxf6 15.
Nxd4 cxd4 16. exf6 h5 17. h3 e5 18. g4 hxg4 19. hxg4 Nh6 20. g5 Nf5 21. Qg4 Re8
22. Qh3 Qd6 23. Be4 Qe6 24. Qh2 Nd6 25. Qh6 Qg4+ 26. Kh2 Qh5+ 27. Qxh5 gxh5 28.
Bf3 Bg4 29. Bxg4 hxg4 30. Kg3 Rbc8 31. Rac1 e4 32. Bxd4 exd3 33. Bc3 1/2-1/2

[Event "32nd ECC Open 2016"]
[Site "Novi Sad SRB"]
[Date "2016.11.07"]
[Round "2.25"]
[Board "1"]
[White "Kharchenko, Boris"]
[Black "Zeidler, Sven P."]
[Result "1-0"]
[WhiteTitle "GM"]
[BlackTitle "FM"]
[WhiteElo "2450"]
[BlackElo "2185"]
[WhiteTeam "LugPokerChess"]
[BlackTeam "Abergavenny"]
[WhiteFideId "14113210"]
[BlackFideId "1800604"]
[EventDate "2016.11.06"]

1. e4 d5 2. exd5 Qxd5 3. Nc3 Qa5 4. d4 Nf6 5. Nf3 Bg4 6. h3 Bh5 7. g4 Bg6 8. Ne5
Nbd7 9. Nc4 Qa6 10. Bf4 Qe6+ 11. Ne5 Nd5 12. Bc4 N7b6 13. Nxd5 Nxd5 14. Qf3 c6
15. O-O-O O-O-O 16. Bg3 b5 17. Bd3 Bxd3 18. Rxd3 Nb4 19. Rb3 Rxd4 20. Qxf7 Qh6+
21. Kb1 Qd2 22. Rc1 Rd8 23. Rxb4 1-0

[Event "32nd ECC Open 2016"]
[Site "Novi Sad SRB"]
[Date "2016.11.07"]
[Round "2.25"]
[Board "2"]
[White "Morris, Charles F"]
[Black "Shagbazyan, Taron"]
[Result "1-0"]
[BlackTitle "FM"]
[WhiteElo "2132"]
[BlackElo "2423"]
[WhiteTeam "Abergavenny"]
[BlackTeam "LugPokerChess"]
[WhiteFideId "1800140"]
[BlackFideId "14122073"]
[EventDate "2016.11.06"]

1. c4 e5 2. g3 Nc6 3. Nc3 Nf6 4. Bg2 Bc5 5. Nf3 O-O 6. O-O a6 7. a3 d6 8. b4 Ba7
9. d3 h6 10. Bb2 Be6 11. Rc1 Qd7 12. e3 Bh3 13. d4 Bxg2 14. Kxg2 e4 15. Nd2 Rae8
16. Qc2 Qf5 17. f3 exf3+ 18. Rxf3 Qg5 19. h4 Qg6 20. Nd5 Ng4 21. Qxg6 fxg6 22.
Rxf8+ Rxf8 23. Rf1 Re8 24. Rf3 h5 25. Nb3 Ne7 26. Nxe7+ Rxe7 27. Bc1 c6 28. Na5
Bb6 29. Nb3 Bc7 30. a4 d5 31. cxd5 cxd5 32. Nc5 Bd6 33. a5 Nf6 34. Rf2 Kf7 35.
Rb2 Rc7 36. Bd2 Bxc5 37. bxc5 Ke6 38. Rb6+ Kd7 39. e4 dxe4 40. Bf4 Rc6 41. Rxb7+
Ke6 42. Rxg7 Kf5 43. Bg5 Nd5 44. Rd7 Nb4 45. Bd2 Nc2 46. Bc3 Ke6 47. Rd8 Ke7 48.
Rb8 Rf6 49. Rb7+ Kd8 50. Rb6 Ne3+ 51. Kg1 Rf1+ 52. Kh2 Rf2+ 53. Kh1 Rc2 54. Bb4
Rc1+ 55. Kh2 Ng4+ 56. Kg2 Rc2+ 57. Kf1 e3 58. Re6 Kd7 59. d5 Rc4 60. c6+ Kc7 61.
Bd6+ Kd8 62. Rxg6 Ke8 63. Re6+ Kd8 64. Rg6 Ke8 65. Re6+ Kf7 66. Re7+ Kf6 67. c7
Rc2 68. Re8 Nh2+ 69. Ke1 1-0

[Event "32nd ECC Open 2016"]
[Site "Novi Sad SRB"]
[Date "2016.11.07"]
[Round "2.25"]
[Board "3"]
[White "Kostromin, Mikhail"]
[Black "Spencer, Douglas"]
[Result "1-0"]
[WhiteTitle "IM"]
[WhiteElo "2306"]
[BlackElo "1961"]
[WhiteTeam "LugPokerChess"]
[BlackTeam "Abergavenny"]
[WhiteFideId "2807807"]
[BlackFideId "1801082"]
[EventDate "2016.11.06"]

1. e4 g6 2. d4 Bg7 3. Nc3 d5 4. exd5 Nf6 5. Bc4 Nbd7 6. Qf3 Nb6 7. Bb3 O-O 8. h3
a5 9. a4 Re8 10. Nge2 e6 11. dxe6 Bxe6 12. Bxe6 Rxe6 13. O-O Nfd5 14. Nf4 Nxf4
15. Bxf4 c6 16. Rfd1 Qe7 17. Qg3 Rc8 18. Qg5 Qb4 19. Qc5 Qxc5 20. dxc5 Nc4 21.
Rab1 Rce8 22. Kh2 Nxb2 23. Rxb2 Bxc3 24. Rxb7 Be5 25. Bg3 Bxg3+ 26. Kxg3 Re5 27.
Rd4 Rxc5 28. Rf4 Rf8 29. c4 Kg7 30. Kf3 g5 31. Re4 Kg6 32. Ke3 Rd8 33. Rc7 Kf6
34. g4 Rd6 35. Ree7 Re5+ 36. Rxe5 Kxe5 37. Rxf7 Rh6 38. Rf5+ Kd6 39. Rxg5 Rxh3+
40. f3 Rh1 41. Rxa5 Rc1 42. Kd3 Ra1 43. Rh5 Rxa4 44. Rxh7 Ra3+ 45. Ke4 Rc3 46.
f4 Rxc4+ 47. Kf5 Ra4 48. g5 1-0